Roget's thesaurus for Home, School and Office: (Record no. 53895)

MARC details
000 -LEADER
fixed length control field 00995cam a2200253 a 4500
001 - CONTROL NUMBER
control field 1948389
003 - CONTROL NUMBER IDENTIFIER
control field OSt
005 - DATE AND TIME OF LATEST TRANSACTION
control field 20190122122831.0
008 - FIXED-LENGTH DATA ELEMENTS--GENERAL INFORMATION
fixed length control field 870414s1987 mau d 000 0 eng
010 ## - LIBRARY OF CONGRESS CONTROL NUMBER
LC control number 87003799
040 ## - CATALOGING SOURCE
Original cataloging agency DLC
Transcribing agency DLC
Modifying agency DLC
050 00 - LIBRARY OF CONGRESS CALL NUMBER
Classification number REF PE1591
Item number .R73 2004
082 00 - DEWEY DECIMAL CLASSIFICATION NUMBER
Classification number 423/.1
Edition number 19
245 00 - TITLE STATEMENT
Title Roget's thesaurus for Home, School and Office:
Remainder of title A-Z for easy reference clear & easy-to-read format keywords in bold type: A dictionary of synonyms and antonyms/
260 ## - PUBLICATION, DISTRIBUTION, ETC. (IMPRINT)
Place of publication, distribution, etc Butler Pike:
Name of publisher, distributor, etc Kappa books,
Date of publication, distribution, etc 2004
300 ## - PHYSICAL DESCRIPTION
Extent xi, 191 p. ;
Dimensions 14 cm.
500 ## - GENERAL NOTE
General note Based on: The Right word II. c1983.
650 #0 - SUBJECT ADDED ENTRY--TOPICAL TERM
Topical term or geographic name as entry element English language
General subdivision Synonyms and antonyms.
730 0# - ADDED ENTRY--UNIFORM TITLE
Uniform title Right word II.
856 42 - ELECTRONIC LOCATION AND ACCESS
Materials specified Publisher description
Uniform Resource Identifier <a href="http://www.loc.gov/catdir/description/hm021/87003799.html">http://www.loc.gov/catdir/description/hm021/87003799.html</a>
856 42 - ELECTRONIC LOCATION AND ACCESS
Materials specified Contributor biographical information
Uniform Resource Identifier <a href="http://www.loc.gov/catdir/enhancements/fy0736/87003799-b.html">http://www.loc.gov/catdir/enhancements/fy0736/87003799-b.html</a>
906 ## - LOCAL DATA ELEMENT F, LDF (RLIN)
a 7
b cbc
c orignew
d 1
e ocip
f 19
g y-gencatlg
942 ## - ADDED ENTRY ELEMENTS (KOHA)
Source of classification or shelving scheme Library of Congress Classification
Koha item type Reference
Holdings
Withdrawn status Lost status Source of classification or shelving scheme Damaged status Not for loan Collection code Home library Current library Shelving location Date acquired Source of acquisition Cost, normal purchase price Full call number Barcode Copy number Price effective from Koha item type
    Library of Congress Classification   Not For Loan Reference Bishop Okullu Memorial Library (Limuru Campus) Bishop Okullu Memorial Library (Limuru Campus) Reference 22/01/2019 donation-BFA 500.00 REF PE1591 .R73 2004 060835 1 22/01/2019 Book